| 000 | 01087nam a22003617a 4500 | ||
|---|---|---|---|
| 001 | 0047967 | ||
| 003 | KOHA_MİRAKIL | ||
| 005 | 20260207003603.0 | ||
| 007 | ta | ||
| 008 | 150629b2014 tu a|||gr||||#||||0|tur | | ||
| 020 | _a9786053380450 | ||
| 040 |
_aTR-BiSEU _btur _cTR-BiSEU _erda |
||
| 041 | 0 | _atur | |
| 044 | _ctu | ||
| 050 |
_aGE195.7 _b.E75 2014 |
||
| 100 | 1 | _aErlat, Ecmel. | |
| 245 | 1 |
_aDünya iklimleri/ _cEcmel Erlat ; Ecmel Erlat. |
|
| 264 | 1 |
_aİzmir : _bEge Üniversitesi _c2014 |
|
| 300 |
_aVIII, 307 sayfa : _bresimli ; _c24 cm. |
||
| 336 |
_ametin _btxt _2rdacontent |
||
| 337 |
_aaracısız _bn _2rdamedia |
||
| 338 |
_acilt _bnc _2rdacarrier |
||
| 490 | 1 | _aEge Üniversitesi yayınları. | |
| 490 | 1 |
_aEdebiyat Fakültesi yayın no ; _v186. |
|
| 500 | _aKaynakça var. | ||
| 650 | 0 |
_aİklim--Dünya. _988026 |
|
| 650 | 0 |
_aclimate--World. _988027 |
|
| 650 | 0 |
_aKlimatoloji. _948969 |
|
| 650 | 0 |
_aClimatology. _948968 |
|
| 830 | 1 |
_aEge Üniversitesi yayınları. _927467 |
|
| 830 | 1 |
_aEdebiyat Fakültesi yayın no ; _v186. _938515 |
|
| 942 |
_2lcc _cBK |
||
| 999 |
_c47809 _d47809 |
||